| 000 | 00715nam a2200205 i 4500 | ||
|---|---|---|---|
| 001 | 31430 | ||
| 003 | ES-MaACL | ||
| 005 | 20250809232001.0 | ||
| 007 | t| | ||
| 008 | 030129s1944 sp ||||1| spa d | ||
| 100 | 1 |
_aBauer, Wilhelm. _926564 |
|
| 245 | 1 | 0 |
_aIntroducción al estudio de la historia / _cWilhelm Bauer ; traducción de la segunda edición alemana y notas por Luis García de Valdeavellano. |
| 260 |
_aBarcelona : _bBosch, _c[1944] ( _fImp. Clarasó) |
||
| 300 |
_a626 p. ; _c23 cm. |
||
| 650 | 0 | 4 |
_aHistoriografía. _913439 |
| 650 | 0 | 4 |
_aHistoria- _xMetodología. _913381 |
| 700 | 1 |
_aValdeavellano, Luis G. de, _d1904-1985 _9163968 |
|
| 852 |
_aES-MaACL _jE-1943 _bR.28803 |
||
| 999 |
_c31430 _d31430 |
||